| 000 | 00622cam a2200229 4500 | ||
|---|---|---|---|
| 001 | ABS68514 | ||
| 008 | 041222n2004 000 0 eng u | ||
| 035 | _a(Sirsi) u128391 | ||
| 245 | _aRegional survey: Kent | ||
| 260 | _c2004 | ||
| 490 |
_aProperty Week _v69(47) 19 November 2004, 55-66(6) |
||
| 590 | _aABS | ||
| 590 | _aABS | ||
| 650 | _aKENT | ||
| 650 | _aASHFORD | ||
| 650 | _aCHANNEL TUNNEL RAIL LINK | ||
| 650 | _aINDUSTRIAL MARKET | ||
| 650 | _aPROPERTY-COMMERCIAL PROPERTY-RETAIL PROPERTY-RETAIL PROPERTY MARKET | ||
| 650 | _aOFFICE MARKET | ||
| 690 | _aCOMMERCIAL PROPERTY-MARKET | ||
| 942 | _n0 | ||
| 999 |
_c118470 _d118470 |
||